000 00617nam a22002297a 4500
003 UA-OsUOA
001 90557
007 ta
008 20121119b un ||||| |||| 00| 0 ukr d
100 _aМалик В.
090 _a821.161.2
_bМ19
942 _cBK
040 _aUA-OsUOA
_bukr
_cUA-OsUOA
_dUA-OsUOA
245 _aЧумацький шлях
_bроман
300 _a285 с.
955 _a3
041 _aukr
080 _a821.161.2
260 _aК.
_bУкраїнський письменник
_c1993
650 7 _a82 Література. Літературознавство
_2UDC
999 _c376832
_d376832